• 首页
  • 本馆介绍
  • 公告通知
  • 最新文献
  • 馆藏检索
  • 电子资源
  • 读者导购
  • 参考咨询
  • 我的图书馆
  • 登录
  • 详细信息显示
  • 放入我的书架
  • 预约/预借图书
  • 作者相关作品
  • 分类相关作品
  • 丛书相关作品
  • 出版社相关作品

书目信息

  • 表格格式
  • 工作单格式
  • 卡片格式
题名:
农村集体产权制度改革
    
 
作者: 赵阳 主编
分册:  
出版信息: 北京   人民出版社  2020.09
页数: 310页
开本: 24cm
丛书名: 农业农村政策与改革系列发展报告
单 册:
中图分类: F321.32
科图分类:
主题词: 农村--集体财产--产权--经济体制改革--研究报告--中国
电子资源:
ISBN: 978-7-01-020843-5
000 01348nam0 2200265 450
001 012001001729
005 20141202171452.0
010    @a978-7-01-020843-5@dCNY85.00
100    @a20220905d2020 em y0chiy50 ea
101 0  @achi
102    @aCN@b110000
105    @ay z 000yy
106    @ar
200 1  @a农村集体产权制度改革@Anong cun ji ti chan quan zhi du gai ge@d= Reform of rural collective property right system@f赵阳主编@zeng
210    @a北京@c人民出版社@d2020.09
215    @a310页@d24cm
225 1  @a农业农村政策与改革系列发展报告@h2020@v3
314    @a赵阳,获经济发展专业博士学位。现任农业农村部政策与改革司司长(部深化改革领导小组办公室主持日常工作副主任和农村改革试验区办公室主任),曾任中央财经领导小组办公室农村一局局长,兼任国家粮食安全政策专家咨询委员会委员、中国农业大学教授和博士生导师、中国农村金融学会常务理事等。
330    @a本书包括试点篇、管理篇、调查研究篇、案例篇等四篇,以及2018-2020年大事记和附录,较为全面系统地介绍了近五年来农村集体产权制度改革从政策创设、试点试验到纵深推进的实践历程,涵盖了改革试点中的一些调研成果和理论思考。
510 1  @aReform of rural collective property right system@zeng
606 0  @a农村@x集体财产@x产权@x经济体制改革@x研究报告@y中国
690    @aF321.32@v5
701  0 @a赵阳@Azhao yang@f(1965-)@4主编
801  0 @aCN@bAHXH@c20221111
905    @b1376047-51@dF321.32@e212@f5
    
    农村集体产权制度改革= Reform of rural collective property right system/赵阳主编.-北京:人民出版社,2020.09
    310页;24cm.-(农业农村政策与改革系列发展报告.2020;3)
    
    
    ISBN 978-7-01-020843-5:CNY85.00
    本书包括试点篇、管理篇、调查研究篇、案例篇等四篇,以及2018-2020年大事记和附录,较为全面系统地介绍了近五年来农村集体产权制度改革从政策创设、试点试验到纵深推进的实践历程,涵盖了改革试点中的一些调研成果和理论思考。
●
相关链接 在E读中查询图书 在五车中查询图书 在当当中查询图书 在豆瓣中查询图书


正题名:农村集体产权制度改革     索取号:F321.32/212         预约/预借

序号 登录号 条形码 馆藏地/架位号 状态 备注
1 1376047   213760474   第一样本阅览室/ [索取号:F321.32/212] 在馆    
2 1376048   213760483   教育系资料室/ [索取号:F321.32/212] 在馆    
3 1376049   213760492   教育系资料室/ [索取号:F321.32/212] 在馆    
4 1376050   213760508   第一借阅区/ [索取号:F321.32/212] 在馆    
5 1376051   213760517   第一借阅区/ [索取号:F321.32/212] 在馆    
唐山师范学院图书馆 欢迎您!
大连网信软件有限公司© 版权所有